Even more outside the box / (Record no. 8911)

MARC details
000 -LEADER
fixed length control field 01483nam a22002657a 4500
001 - CONTROL NUMBER
control field 8911
003 - CONTROL NUMBER IDENTIFIER
control field FISKH
005 - DATE AND TIME OF LATEST TRANSACTION
control field 20251031102940.0
008 - FIXED-LENGTH DATA ELEMENTS--GENERAL INFORMATION
fixed length control field 251031b cb ||||| |||| 00| 0 eng d
020 ## - INTERNATIONAL STANDARD BOOK NUMBER
International Standard Book Number 9781408110669
040 ## - CATALOGING SOURCE
Original cataloging agency FISKH
Language of cataloging eng
Transcribing agency FISKH
Modifying agency FISKH
050 ## - LIBRARY OF CONGRESS CALL NUMBER
Classification number PZ7
082 ## - DEWEY DECIMAL CLASSIFICATION NUMBER
Classification number 370.15
100 ## - MAIN ENTRY--PERSONAL NAME
Personal name Potter, Molly
Relator term Author
245 ## - TITLE STATEMENT
Title Even more outside the box /
Statement of responsibility, etc. Molly Potter
260 ## - PUBLICATION, DISTRIBUTION, ETC.
Place of publication, distribution, etc. London :
Name of publisher, distributor, etc. A&C Black ,
Date of publication, distribution, etc. 2010
300 ## - PHYSICAL DESCRIPTION
Extent 64 pages :
Other physical details illustrations ;
Dimensions 30 cm
505 ## - FORMATTED CONTENTS NOTE
Formatted contents note P<br/>
520 ## - SUMMARY, ETC.
Summary, etc. This photocopiable book is full of innovative, user friendly, exciting and unusual activities that promote creative thinking and problem solving skills for 7-9 year olds. The activities in this exciting new title in the Outside the Box series are ideal for less intensive teaching times across the school year - at the beginning of term when a teacher wants to get to know the class or just when a teacher wants to do 'something different' to make pupils think 'outside the box'. The challenges make a fun change from the strictly subject-based lessons and would be ideal for substitute teachers as well. All the activities have been tried and tested in the classroom many times by the author who is an experienced teacher. If you liked the orginal Outside the Box, then this will not disappoint!
521 8# - TARGET AUDIENCE NOTE
Target audience note 600<br/>
Source Lexile estimate<br/>
521 8# - TARGET AUDIENCE NOTE
Target audience note P<br/>
Source Raz-Plus<br/>
650 ## - SUBJECT ADDED ENTRY--TOPICAL TERM
Topical term or geographic name entry element Education
Form subdivision Thing outside the box
942 ## - ADDED ENTRY ELEMENTS (KOHA)
Source of classification or shelving scheme Dewey Decimal Classification
Koha item type Books
Suppress in OPAC No
Holdings
Withdrawn status Lost status Source of classification or shelving scheme Damaged status Not for loan Home library Current library Shelving location Date acquired Total Checkouts Full call number Barcode Date last seen Copy number Price effective from Koha item type
    Dewey Decimal Classification     Footprints International School Library Network Toul Tom Poung Campus Footprints International School Library Network Toul Tom Poung Campus TTP Primary Yellow Bookshelves 10/31/2025   POT 370.15 PZ7 2025-4773 10/31/2025 1 10/31/2025 Books